粉黛羅綺 : 中國古代女子服飾時尚

資料類型: Book 圖書   書目號:53566

Leader xxxxxxxxxx
001 __ 102622/4/01
005 __ 20191030163634.486
010 0_ |a978-986-94773-9-0|b平裝|d新臺幣450元
042 __ |anbim
100 __ |a20191030d2017    k  y0chiy50      e
101 0_ |achi
102 __ |atw
105 __ |aa   z   000yy
200 1_ |a粉黛羅綺|e中國古代女子服飾時尚|f陳芳等著
205 __ |a第一版
210 __ |a臺北市|c風格司藝術創作坊|d2017[民106]
215 0_ |a290面|c|d23公分
225 12 |a歷史群像|v36
517 1_ |a中國古代女子服飾時尚|zchi
606 __ |2cst|a服飾
606 __ |2cst|a女性
606 __ |2cst|a文化研究
607 __ |2cst|a中國
700 _1 |a|b|4681 __ |a538.12092|b877
801 _0 |atw|bLibDipper|c20191030|gCCR
詳細館藏(共 1 筆)
索 書 號登 錄 號冊次號館別 / 館藏地流通類型狀態加入預約清單電子資源
538.12092 / 877 1026224  圖書館 / 二樓普通區 可外借30天 在館   

| 條列資料




目錄查詢 分類查詢 個人資料 圖書薦購 新書查詢 閉館日 排行榜 更多電子資源 Hami書城 線上資料庫 登出

From : 216.73.217.14

  本日流通累計至 19:21:25 借閱 : 0 次 續借 : 0 次 歸還 : 0 次 預約 : 0 次 電子資源 : 0 次


內湖高中圖書館  PCLIS 版本  25.5.0.2